000 00808nam a2200289Ia 4500
003 OSt
005 20220912150630.0
006 a|||||r|||| 00| 0
007 ta
008 220909b |||||||| |||| 00| 0 eng d
020 _a0262024128 (hbd)
024 _a4456
037 _bBetter,
037 _cTextual
040 _aCSL
_beng
_cCSL
041 _aeng
082 _aD65,8(B):(B288), N6
100 _aBarbosa Valmir C
245 0 _aIntroduction to distributed algorithms
260 _aCambridge
_bThe MIT Press
_c1996
300 _axiii,365p
500 _aBibliographical references 324-347p; Indexes 349-365p
650 _a Algorithms
650 _aComputer science
942 _hD65,8(B):(B288), N6
_cTEXL
_2CC
999 _c51543
_d51543